Word Ladder: Spamalot Quiz Stats

 Plays Quiz Updated Mar 19, 2016

Challenge
Share
Tweet
Embed
Score 0/36 Timer 04:00
0 Plays Today
Clue 4-Letter Word % Correct
♫ Always Look on the Bright _____ of Life ♫• SIDE •
94%
Apple's centerCORE
92.6%
IdenticalSAME
92.3%
Not allSOME
90.9%
♫ _____ With Me ♫• COME •
90.5%
Male offspringSONS
90.4%
♫ The _____ That Goes Like This ♫• SONG •
90.3%
Start for a plantSEED
90.3%
♫ Monks' Chant/He Is Not _____ Yet ♫• DEAD •
89.8%
CraveWANT
89.7%
Ownership documentDEED
89.6%
'Smooth Operator' singerSADE
89.5%
Breaks a commandmentSINS
89.3%
Witch's face blemishWART
89.1%
♫ You _____ Succeed on Broadway ♫• WON'T •
88.7%
Pipe materialLEAD
88.2%
Bat a gnatSWAT
87.8%
Reciprocal of cosecantSINE
87.3%
Clue 4-Letter Word % Correct
Rock back and forthSWAY
87.2%
Times New Roman, for oneFONT
87.1%
Folk wisdomLORE
86.5%
♫ Run _____! ♫• AWAY •
86.4%
SluggishSLOW
85.1%
Strip of woodSLAT
85%
To cast off fur or skinSHED
84.7%
Laundry unitLOAD
84%
Lady's companionLORD
83.3%
Cherished, as some memoriesFOND
83.2%
Narrow openingSLOT
82.8%
1970s Atari gamePONG
82.3%
Fitted with footwearSHOD
80.8%
♫ Twice in Every _____• SHOW •
79.6%
Sharp painPANG
79.5%
Huff and puffPANT
78.6%
♫ Diva's Lament (Whatever Happened to My _____) ♫• PART •
78.5%
♫ _____ Your Grail ♫• FIND •
78%

Today's Daily Dose

You're not logged in!

Compare scores with friends on all Sporcle quizzes.
OR
Log In

You Might Also Like...

Show Comments

Extras

Top Quizzes Today


Score Distribution

Your Account Isn't Verified!

In order to create a playlist on Sporcle, you need to verify the email address you used during registration. Go to your Sporcle Settings to finish the process.

Report this User

Report this user for behavior that violates our Community Guidelines.

Details: